| 000 | 01214cam a2200217 a 4500 | ||
|---|---|---|---|
| 001 | 000628835 | ||
| 003 | AM-YEHGA | ||
| 005 | 20250617163931.0 | ||
| 008 | 090203s1961 ai | |||||||||||||rus|d | ||
| 040 | _aAM-YeHGA | ||
| 041 | 0 | _arus | |
| 100 | 1 | _aХарьковский, В.И. | |
| 245 | 1 | 0 |
_aОрганизация землеустроительных работ в экспедициях, партиях и отрядах : _b(Лекция курсу "Организация и планирование землеустроительных работ") / _cВ.И. Харьковский; МСХ РСФСР; Москов. ин-т инж. землеустр., Заоч. фак. |
| 260 |
_aМосква : _bБ. и., _c1961. |
||
| 300 |
_a26 с. : _bтабл. ; _c20 см. |
||
| 504 | _aБиблиогр. в подстроч. примеч. | ||
| 650 | 1 | 4 | _aОборудование сельскохозяйственного производства в целом |
| 710 | 2 | _aМинистерство сельского хозяйства РСФСР | |
| 710 | 2 |
_aМосковский институт инженеров землеустройства. _bЗаочный факультет |
|
| 090 | _c518714 | ||
| 999 |
_c515174 _d515174 |
||